Geography Quiz

Random Geography or State Quiz

US States That Begin with Vowels Quiz Stats

 Plays Quiz Updated Nov 19, 2015

Score 0/12 Timer 01:00
7 Plays Today
State % Correct
Alabama
94.7%
Alaska
89.8%
Ohio
88%
Indiana
87.2%
Arkansas
85.8%
Illinois
84.3%
Iowa
84%
Utah
81.9%
Arizona
80.1%
Oregon
79.4%
Idaho
74.8%
Oklahoma
71.3%

You're not logged in!

Compare scores with friends on all Sporcle quizzes.
OR
Log In

Sporcle TV

Today on Sporcle TV


Watch our educational content, quiz creation guides, and fun videos on Sporcle TV.

Show Comments

Extras

Top Quizzes Today


Score Distribution

Your Account Isn't Verified!

In order to create a playlist on Sporcle, you need to verify the email address you used during registration. Go to your Sporcle Settings to finish the process.

Report this User

Report this user for behavior that violates our Community Guidelines.

Details: